| 000 -LEADER |
| fixed length control field |
00394cam a22001097a 4500 |
| 008 - FIXED-LENGTH DATA ELEMENTS--GENERAL INFORMATION |
| fixed length control field |
180718b1946 xxu||||| |||| 00| 0 eng d |
| 082 ## - DEWEY DECIMAL CLASSIFICATION NUMBER |
| Classification number |
N403x5461 In2/1946 |
| 245 ## - TITLE STATEMENT |
| Title |
Delhi special police establishment act 1946 received the assent of the governer general on the 19 November 1946 |
| Statement of responsibility, etc. |
by Legislative Department |
| 260 ## - PUBLICATION, DISTRIBUTION, ETC. |
| Place of publication, distribution, etc. |
Delhi |
| Name of publisher, distributor, etc. |
|
| Date of publication, distribution, etc. |
1946 |
| 300 ## - PHYSICAL DESCRIPTION |
| Extent |
2p |
| 700 ## - ADDED ENTRY--PERSONAL NAME |
| Personal name |
India. Legislative Department |